| 000 | 00559cam a2200169 4500 | ||
|---|---|---|---|
| 001 | ##L134172 | ||
| 008 | 060714n1965 000 0 eng u | ||
| 035 | _a(Sirsi) u134172 | ||
| 041 | 0 | _aeng | |
| 050 | 0 | 4 | _a331.2166 $2 18 |
| 110 | 2 |
_aRoyal Institution of Chartered Surveyors _94900 |
|
| 245 | 0 | 0 |
_aMemorandum by the quantity surveyors committee on scale no. 38 _b(effective from 1st July, 1965) |
| 260 |
_aLondon _bRICS _c1965 |
||
| 300 |
_a3p. _c21cm. |
||
| 690 | _aABOUT RICS-RICS MEMBERS-CHARTERED SURVEYORS-CHARTERED QUANTITY SURVEYORS | ||
| 942 | _n0 | ||
| 999 |
_c105582 _d105582 |
||